UM Logo

Pagbasa at pagsusuri ng iba't ibang teksto tungo sa pananaliksik/ (Record no. 5487)

MARC details
000 -LEADER
fixed length control field 01203nam a22002897a 4500
008 - FIXED-LENGTH DATA ELEMENTS--GENERAL INFORMATION
fixed length control field 161104b xxu||||| |||| 00| 0 eng d
020 ## - INTERNATIONAL STANDARD BOOK NUMBER
International Standard Book Number 9789710143917
082 ## - DEWEY DECIMAL CLASSIFICATION NUMBER
Edition number 2016
Classification number DFil 499.2118
Item number P14
245 ## - TITLE STATEMENT
Title Pagbasa at pagsusuri ng iba't ibang teksto tungo sa pananaliksik/
Statement of responsibility, etc. Niña Lilia R. Javier [and 8 others]; Daisy T. Inalves and Jessica Marie I. Dela Peña, editors.
260 ## - PUBLICATION, DISTRIBUTION, ETC. (IMPRINT)
Place of publication, distribution, etc. Philippines:
Name of publisher, distributor, etc. St. Andrew Publishing House,
Date of publication, distribution, etc. c2016.
300 ## - PHYSICAL DESCRIPTION
Extent v, 200 pages:
Other physical details illustrations;
Dimensions 25 cm.
500 ## - GENERAL NOTE
General note Includes bibliographical references.
650 #0 - SUBJECT ADDED ENTRY--TOPICAL TERM
9 (RLIN) 16899
Topical term or geographic name as entry element Reading(Filipino)
700 ## - ADDED ENTRY--PERSONAL NAME
9 (RLIN) 16900
Personal name Javier, Niña Lilia R.
Relator term Author
700 ## - ADDED ENTRY--PERSONAL NAME
9 (RLIN) 16901
Personal name Dafrosa, Carmina H.
Relator term Author
700 ## - ADDED ENTRY--PERSONAL NAME
9 (RLIN) 16902
Personal name Quijano, Ma. Lourdes R.
Relator term Author
700 ## - ADDED ENTRY--PERSONAL NAME
9 (RLIN) 16903
Personal name Canlas, Jocelyn D.R.
Relator term Author
700 ## - ADDED ENTRY--PERSONAL NAME
9 (RLIN) 16904
Personal name Edma, Mercy M.
Relator term Author
700 ## - ADDED ENTRY--PERSONAL NAME
9 (RLIN) 16905
Personal name Abraham, Simeona S.
Relator term Author
700 ## - ADDED ENTRY--PERSONAL NAME
9 (RLIN) 16906
Personal name Nada, Michael Anthony G.
Relator term Author
700 ## - ADDED ENTRY--PERSONAL NAME
9 (RLIN) 16907
Personal name Villafane, Raymond S.
Relator term Author
700 ## - ADDED ENTRY--PERSONAL NAME
9 (RLIN) 16908
Personal name Navarro, Chona M.
Relator term Author
700 ## - ADDED ENTRY--PERSONAL NAME
9 (RLIN) 16909
Personal name Inalvez, Daisy T.
Relator term Editor
700 ## - ADDED ENTRY--PERSONAL NAME
9 (RLIN) 16910
Personal name Dela Peña, Jessica Marie I.
Relator term Editor
365 ## - TRADE PRICE
Price amount 595.00
Currency code Php
942 ## - ADDED ENTRY ELEMENTS (KOHA)
Source of classification or shelving scheme Dewey Decimal Classification
Koha item type Filipiniana
Holdings
Withdrawn status Lost status Source of classification or shelving scheme Damaged status Not for loan Collection code Home library Current library Date acquired Source of acquisition Total Checkouts Full call number Barcode Date last seen Date last checked out Price effective from Koha item type
    Dewey Decimal Classification     Filipiniana UM Digos College - LIC UM Digos College - LIC 10/27/2016 Purchased 1 DFil 499.2118 P14p 2016 24368 05/15/2025 07/26/2017 11/04/2016 Filipiniana